000 01251cam a22003494a 4500
001 15987481
003 OSt
005 20170301114446.0
008 091117s2011 nyua 001 0 eng
010 _a 2009941776
020 _a9781429240154
020 _a1429240156
040 _aDLC
_cDLC
_dDLC
042 _apcc
050 0 0 _aQB43.3
_b.F744 2011
100 1 _aFreedman, Roger A.
245 1 0 _aUniverse.
_pStars and galaxies /
_cRoger A. Freedman, Robert M. Geller, William J. Kaufmann, III.
250 _a4th ed.
260 _aNew York :
_bW.H. Freeman,
_cc2011.
300 _a1 v. (various pagings) :
_bcol ill. ;
_c28 cm.
500 _aIncludes index.
650 0 _aAstronomy
_vTextbooks.
650 0 _aCosmology
_vTextbooks.
700 1 _aGeller, Robert M.
700 1 _aKaufmann, William J.
856 4 2 _3Publisher description
_uhttp://www.loc.gov/catdir/enhancements/fy1201/2009941776-d.html
856 4 1 _3Table of contents only
_uhttp://www.loc.gov/catdir/enhancements/fy1201/2009941776-t.html
906 _a7
_bcbc
_corigcop
_d3
_eepcn
_f20
_gy-gencatlg
942 _2lcc
_cBK
999 _c255866
_d255865